| 000 | 01046nam a2200229 a 4500 | ||
|---|---|---|---|
| 001 | 000010861 | ||
| 005 | 20200929162316.0 | ||
| 008 | 091012s1976 dr abd 000 0 spa d | ||
| 040 |
_aDO-SdBNP _bspa _cBNPHU |
||
| 082 |
_a333.7097293 _bC471r |
||
| 100 | 1 |
_aChardon, Carlos E., _d1897- _926196 |
|
| 245 | 1 | 0 |
_aReconocimiento de los recursos naturales de la República Dominicana : _binforme presentado al presidente de la República generalísimo doctor Rafael L. Trujillo Molina / _cCarlos E. Charon. |
| 260 |
_aSanto Domingo : _bEditora de Santo Domingo, _c1976. |
||
| 300 |
_a303 p. : _bil., gráfcs., mapas. ; _c24 cm. |
||
| 490 | 1 |
_aSociedad Dominicana de Bibliófilos _aCultura dominicana, _v14 |
|
| 500 | _aIncluye referencias bibliográficas y notas al pie de las páginas. | ||
| 504 | _aBibliografía: p. 303 | ||
| 590 | _aInventariado, 2018/MFF | ||
| 650 | 4 |
_aRecursos naturales _zRepública Dominicana _91560 |
|
| 830 | 0 |
_aSociedad Dominicana de Bibliófilos _pCultura dominicana, _n14 _926197 |
|
| 910 | _aValidado. Control de calidad MFF | ||
| 999 |
_c10610 _d10610 |
||